000 00934cam a22002054a 4500
005 20250605164353.0
008 250528s ||||||||||||||||||||||||d
035 _a24171
020 _a9780904187601
040 _aGR-AtMCL
_bgre
_dGR-AtMCL
_eAACR2
245 1 _aI am Two! / Working Effectively with Two Year Olds and Their Families
260 _aLondon,
_c2013
300 _a106
520 _aIntroduction, Development, Growing and Growing and Growing... The First Two Years, This is My Story, My Prime Learning, Parents and Practitioners, Starting the Journey, This Two Year Old is Different from Any Other you Have Ever Known, Keeping the Conversation Going, Early Intervention, Noticing, Sharing, Acting, Conclusion, Resources, References, Bibliography, Index.
700 1 _aMathieson Kay
_99423
942 _cBK
710 2 _aThe British Association For Early Childhood Education
_99826
999 _c9067
_d9067